000 00310nam a22001217a 4500
999 _c13561
_d13561
020 _a9789698854002
082 _a297
100 _aIqbal S.Hussain
245 _aThe Decline of the Muslim Ummah
260 _aPakistan
_bHumanity International Publishers and Promoters
_c2004
300 _a468 pages
942 _cBK